<?xml version="1.0" encoding="UTF-8"?>
<record
    xmlns:xsi="http://www.w3.org/2001/XMLSchema-instance"
    xsi:schemaLocation="http://www.loc.gov/MARC21/slim http://www.loc.gov/standards/marcxml/schema/MARC21slim.xsd"
    xmlns="http://www.loc.gov/MARC21/slim">

  <leader>00296nam a2200133Ia 4500</leader>
  <controlfield tag="008">191201s2011    xx            000 0 und d</controlfield>
  <datafield tag="100" ind1=" " ind2=" ">
    <subfield code="a">LIPCHUTZ,Seymour</subfield>
  </datafield>
  <datafield tag="245" ind1=" " ind2="0">
    <subfield code="a">Data structures</subfield>
  </datafield>
  <datafield tag="250" ind1=" " ind2=" ">
    <subfield code="a">2nd</subfield>
  </datafield>
  <datafield tag="260" ind1=" " ind2=" ">
    <subfield code="c">2011</subfield>
    <subfield code="b">TMH</subfield>
    <subfield code="a">N. delhi</subfield>
  </datafield>
  <datafield tag="300" ind1=" " ind2=" ">
    <subfield code="a">MISC</subfield>
  </datafield>
  <datafield tag="650" ind1=" " ind2=" ">
    <subfield code="a">MCA</subfield>
  </datafield>
  <datafield tag="942" ind1=" " ind2=" ">
    <subfield code="2">ddc</subfield>
    <subfield code="c">BB</subfield>
    <subfield code="0">51</subfield>
  </datafield>
  <datafield tag="999" ind1=" " ind2=" ">
    <subfield code="c">7518</subfield>
    <subfield code="d">7518</subfield>
  </datafield>
  <datafield tag="952" ind1=" " ind2=" ">
    <subfield code="0">0</subfield>
    <subfield code="1">0</subfield>
    <subfield code="2">ddc</subfield>
    <subfield code="4">0</subfield>
    <subfield code="7">0</subfield>
    <subfield code="8">BCA</subfield>
    <subfield code="a">PIET</subfield>
    <subfield code="b">PIET</subfield>
    <subfield code="d">2020-06-30</subfield>
    <subfield code="e">IBH, New Delhi</subfield>
    <subfield code="g">299.00</subfield>
    <subfield code="k">18198 (2012-02-08)</subfield>
    <subfield code="l">47</subfield>
    <subfield code="o">005.73 LID</subfield>
    <subfield code="p">BC1441</subfield>
    <subfield code="r">2025-10-15 00:00:00</subfield>
    <subfield code="s">2025-09-29</subfield>
    <subfield code="v">200.33</subfield>
    <subfield code="w">2020-06-30</subfield>
    <subfield code="y">BK</subfield>
    <subfield code="z">Transfer BooK Bank to Main</subfield>
  </datafield>
  <datafield tag="952" ind1=" " ind2=" ">
    <subfield code="0">0</subfield>
    <subfield code="1">0</subfield>
    <subfield code="2">ddc</subfield>
    <subfield code="4">0</subfield>
    <subfield code="7">0</subfield>
    <subfield code="8">BCA</subfield>
    <subfield code="a">PIET</subfield>
    <subfield code="b">PIET</subfield>
    <subfield code="d">2020-06-30</subfield>
    <subfield code="e">IBH, New Delhi</subfield>
    <subfield code="g">299.00</subfield>
    <subfield code="k">IN 5460 (2010-12-07)</subfield>
    <subfield code="l">25</subfield>
    <subfield code="o">005.73 LID</subfield>
    <subfield code="p">BC1442</subfield>
    <subfield code="r">2026-05-21 15:24:43</subfield>
    <subfield code="s">2026-05-04</subfield>
    <subfield code="v">190.00</subfield>
    <subfield code="w">2020-06-30</subfield>
    <subfield code="y">BK</subfield>
    <subfield code="z">Transfer BooK Bank to Main</subfield>
  </datafield>
  <datafield tag="952" ind1=" " ind2=" ">
    <subfield code="0">0</subfield>
    <subfield code="1">0</subfield>
    <subfield code="2">ddc</subfield>
    <subfield code="4">0</subfield>
    <subfield code="7">0</subfield>
    <subfield code="8">BCA</subfield>
    <subfield code="a">PIET</subfield>
    <subfield code="b">PIET</subfield>
    <subfield code="d">2020-06-30</subfield>
    <subfield code="e">IBH, New Delhi</subfield>
    <subfield code="g">299.00</subfield>
    <subfield code="k">IN 5482 (2010-12-09)</subfield>
    <subfield code="l">26</subfield>
    <subfield code="o">005.73 LID</subfield>
    <subfield code="p">BC1443</subfield>
    <subfield code="r">2023-09-13 00:00:00</subfield>
    <subfield code="s">2023-09-06</subfield>
    <subfield code="v">190.41</subfield>
    <subfield code="w">2020-06-30</subfield>
    <subfield code="y">BK</subfield>
    <subfield code="z">Transfer BooK Bank to Main</subfield>
  </datafield>
  <datafield tag="952" ind1=" " ind2=" ">
    <subfield code="0">0</subfield>
    <subfield code="1">0</subfield>
    <subfield code="2">ddc</subfield>
    <subfield code="4">0</subfield>
    <subfield code="7">0</subfield>
    <subfield code="8">MCA</subfield>
    <subfield code="a">PIET</subfield>
    <subfield code="b">PIET</subfield>
    <subfield code="d">2012-02-08</subfield>
    <subfield code="e">IBH, New Delhi</subfield>
    <subfield code="g">299.00</subfield>
    <subfield code="k">18198</subfield>
    <subfield code="l">1</subfield>
    <subfield code="o">005.73 LID</subfield>
    <subfield code="p">BB8102</subfield>
    <subfield code="q">2022-07-11</subfield>
    <subfield code="r">2022-06-25 00:00:00</subfield>
    <subfield code="s">2022-06-25</subfield>
    <subfield code="w">2012-02-08</subfield>
    <subfield code="y">BB</subfield>
  </datafield>
  <datafield tag="952" ind1=" " ind2=" ">
    <subfield code="0">0</subfield>
    <subfield code="1">0</subfield>
    <subfield code="2">ddc</subfield>
    <subfield code="4">0</subfield>
    <subfield code="7">0</subfield>
    <subfield code="8">MCA</subfield>
    <subfield code="a">PIET</subfield>
    <subfield code="b">PIET</subfield>
    <subfield code="d">2012-02-08</subfield>
    <subfield code="e">IBH, New Delhi</subfield>
    <subfield code="g">299.00</subfield>
    <subfield code="k">18198</subfield>
    <subfield code="l">1</subfield>
    <subfield code="o">005.73 LID</subfield>
    <subfield code="p">BB8103</subfield>
    <subfield code="q">2022-07-11</subfield>
    <subfield code="r">2022-06-25 00:00:00</subfield>
    <subfield code="s">2022-06-25</subfield>
    <subfield code="w">2012-02-08</subfield>
    <subfield code="y">BB</subfield>
  </datafield>
</record>
